UBT Library

Blackstone's statutes on contract, tort & restitution : (Record no. 335)

000 -LEADER
fixed length control field 00704nam a22002417a 4500
008 - FIXED-LENGTH DATA ELEMENTS--GENERAL INFORMATION
fixed length control field 131115b xxu||||| |||| 00| 0 eng d
020 ## - INTERNATIONAL STANDARD BOOK NUMBER
International Standard Book Number 0199255431
041 ## - LANGUAGE CODE
Language code of text/sound track or separate title eng
080 ## - UNIVERSAL DECIMAL CLASSIFICATION NUMBER
Universal Decimal Classification number 341
Common auxiliary subdivision (094.4)
245 00 - TITLE STATEMENT
Title Blackstone's statutes on contract, tort & restitution :
Statement of responsibility, etc edited by F.D. Rose.
300 ## -
-- 601 f. :
-- 22 cm.
490 ## -
-- Blackstone's statutes
500 ## -
-- Editor's preface : f. [XI]
505 ## -
-- Includes index.
650 #0 -
-- Kotratat
-- Angli
650 #0 -
-- Kontratat
-- Wales.
650 #0 -
-- Ligji
-- Angli
650 #0 -
-- Ligji
-- Wales.
650 #0 -
-- Dëmshpërblimi
-- Angli.
650 #0 -
-- Dëmshpërblimi
-- Wales.
700 ## -
-- Rose, F. D.
-- (Francis D.)
942 ## - ADDED ENTRY ELEMENTS (KOHA)
Source of classification or shelving scheme
Item type Books
Holdings
Withdrawn status Lost status Source of classification or shelving scheme Damaged status Not for loan Collection code Permanent location Current location Shelving location Date acquired Total Checkouts Full call number Barcode Date last seen Koha item type
          Koleksioni i përgjithshem UBT - Prishtine UBT - Prishtine Koleksioni i përgjithshem 11/15/2013   341 (094.4) STA 001-000442 11/15/2013 Books
UBT Library © 2015-2024. All rights reserved University Education for Business and Technology